| 000 | 00964nam a2200265Ia 4500 | ||
|---|---|---|---|
| 003 | OSt | ||
| 005 | 20221005111334.0 | ||
| 006 | a|||||r|||| 00| 0 | ||
| 007 | ta | ||
| 008 | 221004b |||||||| |||| 00| 0 hin d | ||
| 020 |
_a9789350723937 (hbk) _cINR 895.00 |
||
| 024 | _a28963 | ||
| 037 |
_b78, 15/03/2017, Mallika Books _cTextual |
||
| 040 |
_aCRL _cCRL _bhin |
||
| 041 |
_2hin _ahin |
||
| 082 | _aO152,1I00:g, Q7 | ||
| 100 | _aधर्मवीर, ले. | ||
| 245 | 0 |
_aमहान आजीवक _b कबीर, रैदास और गोसाल |
|
| 246 | _aMahān ājīvaka: kabīra, raidās aur gosāla | ||
| 260 |
_aनई दिल्ली _bवाणी प्रकाशन भारत _c2017 |
||
| 300 |
_a536पृ0 _ccm. |
||
| 650 | _aहिन्दी कविता | ||
| 942 |
_hO152,1I00:g, Q7 _cTEXL _2cc |
||
| 999 |
_c1021537 _d1021537 |
||